书目信息 |
| 题名: |
赋格曲
|
|
| 作者: | Higgs , 希格斯 著 ;唐其竟 译 | |
| 分册: | ||
| 出版信息: | 北京 人民音乐出版社 1962 |
|
| 页数: | 134页 | |
| 开本: | 20cm | |
| 丛书名: | ||
| 单 册: | ||
| 中图分类: | J614.2 | |
| 科图分类: | ||
| 主题词: | 赋格曲--基本知识 | |
| 电子资源: | ||
| ISBN: | ||
| 000 | 00714nam0 2200265 45 | |
| 001 | 0178003373 | |
| 005 | 20060819164344.01 | |
| 010 | @dCNY0.76 | |
| 091 | @aCN@b8026.3409 | |
| 100 | @a19950724e19781962em y0chiy0121 ea | |
| 101 | 1 | @achi@ceng |
| 102 | @aCN@b110000 | |
| 105 | @ag z 000yy | |
| 200 | 10 | @a赋格曲@Afu ge qu@f(美)希格斯(J.Higgs)著@g唐其竟译 |
| 210 | @a北京@c人民音乐出版社@d1962@h1978重印 | |
| 215 | @a134页@d20cm | |
| 300 | @a书名原文:Fugue | |
| 510 | 1 | @aFugue@zeng |
| 606 | @a赋格曲@x基本知识 | |
| 690 | @aJ614.2@v3 | |
| 701 | 0 | @aHiggs@bJ.@4著 |
| 701 | 0 | @a希格斯@Axi ge si@bJ.@4著 |
| 702 | 0 | @a唐其竟@Atang qi jing@4译 |
| 801 | 0 | @aCN@bTSSF@c20060819 |
| 905 | @a10447@dJ614.2@e343 | |
| 赋格曲/(美)希格斯(J.Higgs)著/唐其竟译.-北京:人民音乐出版社,1962(1978重印) |
| 134页;20cm |
| 书名原文:Fugue |
| ISBN :CNY0.76 |
| ● |
| 相关链接 |
|
|
|
|
正题名:赋格曲
索取号:J614.2/343
 
预约/预借
| 序号 | 登录号 | 条形码 | 馆藏地/架位号 | 状态 | 备注 |
| 1 | 0466973 | 204669732 | 密集书库/ [索取号:J614.2/343] | 在馆 |